Five Letter Chain - Statistics

General Stats
  • This quiz has been taken 80 times
  • The average score is 11 of 15
Answer Stats
Hint Answer % Correct
Opposite to South North
100%
Friendly greeting Hello
99%
Not wrong or left Right
99%
Tearful vegetable? Onion
94%
Latin American ballroom dance Tango
90%
It has links Chain
87%
Reclusive animal from Madagascar Lemur
80%
Green or black fruit from the Mediterranean Olive
76%
Dance craze of the 1960's Twist
76%
South American mammal related to the Camel Llama
70%
Something an artist would use Easel
64%
Planer, Farage, Kennedy? Nigel
51%
Artifact from a bygone age Relic
49%
Large, Cantor, Waring, The Eagle Eddie
40%
Post After
26%
No matching quizzes found
Score Distribution
Percent of People with Each Score
Percentile by Number Answered
Your Score History
You have not taken this quiz